000 00603nam a22002177a 4500
001 BD-DhSAU 7737
003 BD-DhSAU
005 20150528123957.0
008 150528b2002 ii a|||| |||| 001 0 eng d
020 _a3540417532
040 _aBD-DhSAU
082 _222
_a571.2028
_bANA
245 _aAnalysis of taste and aroma /
_cedited by H. F. Linskens and J. F. Jackson
260 _aNew delhi :
_bCBS publishers ,
_cc2002.
300 _axiii, 269 p.:
_bill. ;
_c24 cm.
504 _aIncludes index
590 _aIMRAN
700 _aLinskens , H. F.
700 _aJackson, J. F.
942 _2ddc
_cBOOK
999 _c7737
_d7737